MARC

LEADER 00000nam0a2200000 4500
001 48686
005 20231031032116.0
010 |a 5845901278 
035 |a (RuTPU)RU\TPU\book\50987 
090 |a 48686 
100 |a 20030320d2002 km y0rusy50 ca 
101 1 |a rus  |c eng 
102 |a RU 
105 |a y z 001zy 
200 1 |a Задачи менеджмента в XXI веке  |e пер. с англ.  |f П. Ф. Друкер 
210 |a Москва  |c Вильямс  |d 2002 
215 |a 272 с. 
320 |a Указ. имен: с. 255-270. 
610 1 |a экономика 
610 1 |a управление 
610 1 |a менеджмент 
610 1 |a теория 
610 1 |a лидеры 
610 1 |a карьера 
610 1 |a умственный труд 
610 1 |a производительность труда 
686 |a У821  |v LBC/SL-A  |2 rubbk 
700 1 |a Друкер  |b П. Ф.  |g Питер Ф. 
801 1 |a RU  |b 63413507  |c 20030320  |g PSBO 
801 2 |a RU  |b 63413507  |c 20120621  |g PSBO 
900 |a Менеджмент 
900 |a Менеджмент и маркетинг в связях с общественностью 
900 |a Менеджмент в социально-культурном сервисе и туризме 
942 |c BK